Laurence Fishburne Movies - Statistics

General Stats
  • This quiz has been taken 9 times
  • The average score is 7 of 19
Answer Stats
Release Year Costars Movie % Correct
1999 Keanu Reeves, Carrie-Anne Moss The Matrix
88%
2018 Paul Rudd, Evangeline Lilly Ant-Man & The Wasp
63%
2017 Keanu Reeves, John Leguizamo John Wick: Chapter 2
63%
1979 Martin Sheen, Marlon Brando Apocalypse Now
50%
2003 Sean Penn, Kevin Bacon Mystic River
50%
2010 Adrien Brody, Alice Braga Predators
50%
1987 Robert Englund, Heather Langenkamp A Nightmare on Elm Street 3: Dream Warriors
38%
1991 Ice Cube, Cuba Gooding Jr. Boys N The Hood
38%
2013 Henry Cavill, Amy Adams Man of Steel
38%
2006 Tom Cruise, Simon Pegg Mission: Impossible III
38%
1988 Arnold Schwarzenegger, Jim Belushi Red Heat
38%
1984 Richard Gere, Diane Lane The Cotton Club
25%
2018 Clint Eastwood, Michael Pena The Mule
25%
2011 Matt Damon, Kate Winslet Contagion
13%
1997 Sam Neill, Jason Isaacs Event Horizon
13%
2014 Kevin Hart, Ice Cube Ride Along
13%
1983 Matt Dillon, Nicolas Cage Rumble Fish
13%
1988 Giancarlo Esposito, Tisha Campbell School Daze
13%
2021 Liam Neeson, Amber Midthunder The Ice Road
13%
No matching quizzes found
Score Distribution
Percent of People with Each Score
Percentile by Number Answered
Your Score History
You have not taken this quiz